000 00384cam a2200145ua 4500
041 _amal
_h
082 _a954.83
_bKUN/KE
100 _aKunhan pillai, P N .
245 _aKeralam anchum aarum noottandukalil /
_cP N Kunhan pillai.
_hTextual Documents
260 _aKottayam :
_bNational Book Stall ,
_c1961.
300 _a204 ; .
504 _a
942 _cBK
999 _c6590
_d6590